[Event "Foxwoods op 14th"]
[Site "Ledyard"]
[Date "2022.04.13"]
[Round "1"]
[White "Harriott, Tyrell"]
[Black "Rizzitano, James"]
[Result "0-1"]
[WhiteElo "1920"]
[BlackElo "2280"]
[PlyCount "85"]
[EventDate "2022.04.13"]
[EventType "swiss"]
[EventRounds "9"]
[EventCountry "USA"]
[SourceTitle "CBM 207 Extra"]
[Source "ChessBase"]
[SourceDate "2022.05.31"]
[SourceVersion "1"]
[SourceVersionDate "2022.05.31"]
[SourceQuality "1"]

1. d4 Nf6 2. e3 g6 3. Bd3 Bg7 4. f4 0-0 5. Nf3 d6 6. 0-0 c5 7. c3 Nc6 8. Bc2 b6 9. d5 Na5 10. Na3 e6 11. e4 exd5 12. exd5 Bb7 13. c4 a6 14. Rb1 b5 15. b4 Nxc4 16. Nxc4 bxc4 17. bxc5 Bxd5 18. Ba3 dxc5 19. Bxc5 Re8 20. Ba4 Qc8 21. Bd4 Rd8 22. Ne5 Rb8 23. Rc1 Qe6 24. Re1 Qf5 25. Qd2 Ne4 26. Qe3 Nd6 27. Bb6 Rdc8 28. Bd7 Be6 29. Bxc8 Rxc8 30. Bc5 Nb7 31. Be7 h5 32. Qf3 Nc5 33. Nxc4 Nd3 34. Nd6 Nxe1 35. Rxe1 Qa5 36. Rf1 Qb6+ 37. Kh1 Rc3 38. Qa8+ Kh7 39. Ne4 Rc8 40. Ng5+ Kg8 41. Qf3 Bxa2 42. f5 Re8 43. Ba3 0-1

[Event "Chicago op 26th"]
[Site "Chicago"]
[Date "2017.05.26"]
[Round "2"]
[White "Arjun, Vishnuvardhan"]
[Black "Rizzitano, James"]
[Result "1-0"]
[WhiteElo "2157"]
[BlackElo "2296"]
[PlyCount "67"]
[EventDate "2017.05.25"]
[EventType "swiss"]
[EventRounds "9"]
[EventCountry "USA"]
[SourceTitle "CBM 178 Extra"]
[Source "ChessBase"]
[SourceDate "2017.06.22"]
[SourceVersion "1"]
[SourceVersionDate "2017.06.22"]
[SourceQuality "1"]

1. c4 e6 2. Nf3 d5 3. g3 Nf6 4. Bg2 c6 5. d4 Bb4+ 6. Bd2 Bd6 7. Nc3 0-0 8. Qc2 Nbd7 9. 0-0 Qe7 10. Rfe1 dxc4 11. Bg5 h6 12. Bxf6 Nxf6 13. Nd2 e5 14. d5 cxd5 15. Nxd5 Nxd5 16. Bxd5 Rd8 17. Nxc4 Bc5 18. Qe4 Bf5 19. Qxf5 Rxd5 20. Rad1 Rad8 21. Rxd5 Rxd5 22. Rc1 g6 23. Qe4 Qe6 24. Ne3 Bxe3 25. Qxe3 Ra5 26. Qd2 Ra6 27. Qd8+ Kg7 28. Rc8 g5 29. Qh8+ Kg6 30. Rg8+ Kh5 31. h4 f6 32. Qh7 Rc6 33. f3 gxh4 34. g4+ 1-0

[Event "Chicago op 26th"]
[Site "Chicago"]
[Date "2017.05.25"]
[Round "1"]
[White "Rizzitano, James"]
[Black "Nyzhnyk, Illya"]
[Result "0-1"]
[WhiteElo "2296"]
[BlackElo "2610"]
[PlyCount "60"]
[EventDate "2017.05.25"]
[EventType "swiss"]
[EventRounds "9"]
[EventCountry "USA"]
[SourceTitle "CBM 178 Extra"]
[Source "ChessBase"]
[SourceDate "2017.06.22"]
[SourceVersion "1"]
[SourceVersionDate "2017.06.22"]
[SourceQuality "1"]

1. d4 d5 2. c4 dxc4 3. e3 Nf6 4. Bxc4 e6 5. Nf3 a6 6. 0-0 c5 7. Qe2 cxd4 8. Rd1 Nc6 9. Nxd4 Nxd4 10. Rxd4 Qc7 11. Nc3 b5 12. Bb3 Bb7 13. Rd1 Bd6 14. h3 b4 15. Nb1 0-0 16. Nd2 a5 17. Bc4 Rfd8 18. Bd3 Rd7 19. Bb5 Bh2+ 20. Kh1 Rd5 21. Nf3 Rxd1+ 22. Qxd1 Rd8 23. Qe1 Be5 24. Be2 Bxf3 25. Bxf3 Qc2 26. a3 Ne4 27. axb4 Nxf2+ 28. Kg1 Bg3 29. Kf1 Nh1 30. Qe2 Rd1+ 0-1

[Event "Chicago op 23rd"]
[Site "Wheeling"]
[Date "2014.05.26"]
[Round "8"]
[White "Rizzitano, James"]
[Black "Yanayt, Eugene"]
[Result "0-1"]
[WhiteElo "2316"]
[BlackElo "2226"]
[PlyCount "200"]
[EventDate "2014.05.22"]
[EventType "swiss"]
[EventRounds "9"]
[EventCountry "USA"]
[SourceTitle "CBM 160 Extra"]
[Source "ChessBase"]
[SourceDate "2014.07.01"]
[SourceVersion "1"]
[SourceVersionDate "2014.07.01"]
[SourceQuality "1"]

1. d4 Nf6 2. c4 g6 3. Nc3 Bg7 4. e4 d6 5. f4 0-0 6. Nf3 c5 7. d5 e5 8. fxe5 dxe5 9. Bd3 Ne8 10. 0-0 Nd6 11. Bg5 f6 12. Be3 b6 13. Qd2 Nf7 14. a3 Qe7 15. b4 Na6 16. Rfb1 f5 17. Nb5 f4 18. Bf2 g5 19. Bc2 Rd8 20. Ne1 g4 21. Nd3 Ng5 22. d6 Qf7 23. bxc5 Nxe4 24. Qe1 Bb7 25. c6 Bxc6 26. Nb4 Nxb4 27. Bxe4 Bxe4 28. Qxe4 Na6 29. Rd1 Rac8 30. Rd5 Rd7 31. Rad1 Qg6 32. Rxe5 Bxe5 33. Qxe5 Rxc4 34. Bd4 Nc5 35. Qh8+ Kf7 36. Nc7 Rxd4 37. Qxd4 Qe4 38. Qa1 f3 39. Qa2+ Kf8 40. Qd2 Qe2 41. Qh6+ Rg7 42. Qf6+ Kg8 43. Qd8+ Kf7 44. Qe7+ Qxe7 45. dxe7 Kxe7 46. gxf3 gxf3+ 47. Kf2 Rg2+ 48. Kxf3 Rxh2 49. Kf4 Ne6+ 50. Kg3 Rc2 51. Nd5+ Kf7 52. Rf1+ Kg7 53. Re1 Kf7 54. Rf1+ Ke8 55. Nf6+ Ke7 56. Nxh7 Rc3+ 57. Rf3 Rxf3+ 58. Kxf3 Nd4+ 59. Ke4 Nb5 60. Kd5 Kd7 61. Nf6+ Kc7 62. Kc4 Nxa3+ 63. Kb4 Nc2+ 64. Kb5 Kb7 65. Nd5 Nd4+ 66. Kc4 Nc6 67. Kb5 a6+ 68. Kc4 a5 69. Kb5 Na7+ 70. Kc4 Kc6 71. Ne7+ Kd6 72. Nf5+ Ke6 73. Nd4+ Ke5 74. Ne2 Kd6 75. Nd4 Kc7 76. Ne6+ Kb7 77. Nd4 Ka6 78. Ne6 Nb5 79. Kb3 Nd6 80. Ka4 b5+ 81. Kb3 Kb6 82. Nf4 Nf5 83. Ne6 Kc6 84. Nd8+ Kb6 85. Ne6 Ne7 86. Nf4 a4+ 87. Ka3 Ka5 88. Nd3 Nd5 89. Nc5 b4+ 90. Kb2 Kb5 91. Ne4 Nf4 92. Nd2 Ne6 93. Nf3 a3+ 94. Ka2 Ka4 95. Nd2 Nc5 96. Nc4 b3+ 97. Kb1 Kb4 98. Ne3 Ne4 99. Nd5+ Kc5 100. Ne3 Nc3+ 0-1

[Event "MetroWest CC-ch"]
[Site "Natick"]
[Date "2013.04.16"]
[Round "3"]
[White "Rizzitano, James"]
[Black "Yedidia, Jonathan"]
[Result "1-0"]
[WhiteElo "2447"]
[BlackElo "2433"]
[PlyCount "69"]
[EventDate "2013.04.02"]
[EventType "tourn"]
[EventRounds "5"]
[EventCountry "USA"]
[EventCategory "4"]
[SourceTitle "EXT 2023"]
[Source "ChessBase"]
[SourceDate "2022.10.05"]
[SourceVersion "1"]
[SourceVersionDate "2022.10.05"]
[SourceQuality "1"]

1. e4 c6 2. d4 d5 3. e5 Bf5 4. h4 h5 5. c4 e6 6. Nc3 a6 7. Nge2 dxc4 8. Ng3 b5 9. Nxf5 exf5 10. a4 Nd7 11. Qf3 Bb4 12. Qxc6 Ne7 13. Qf3 Rb8 14. Be2 Nb6 15. axb5 axb5 16. 0-0 Nbd5 17. Bg5 f6 18. exf6 gxf6 19. Nxd5 Nxd5 20. Bf4 Rb7 21. Bh2 Re7 22. Ra6 Kf7 23. Rfa1 Kg6 24. Bf1 Re4 25. b3 Bc3 26. Rd1 Qc8 27. Rd6 Rd8 28. Rxd8 Qxd8 29. bxc4 bxc4 30. Bxc4 Qe7 31. Bb8 Re1+ 32. Rxe1 Qxe1+ 33. Kh2 Qb1 34. Qg3+ Kh7 35. Bxd5 1-0

[Event "Eastern Class-ch"]
[Site "Sturbridge"]
[Date "2007.03.11"]
[Round "5"]
[White "Curdo, John"]
[Black "Rizzitano, James"]
[Result "1-0"]
[WhiteElo "2221"]
[BlackElo "2342"]
[PlyCount "45"]
[EventDate "2007.03.09"]
[EventType "swiss"]
[EventRounds "5"]
[EventCountry "USA"]
[SourceTitle "CBM 117 Extra"]
[Source "ChessBase"]
[SourceDate "2007.05.09"]
[SourceVersion "1"]
[SourceVersionDate "2007.05.09"]
[SourceQuality "1"]

1. e4 c5 2. Nf3 Nc6 3. Bb5 g6 4. 0-0 Bg7 5. c3 e5 6. d4 cxd4 7. cxd4 exd4 8. Bf4 Nge7 9. Bd6 0-0 10. Nbd2 a6 11. Bd3 h6 12. a4 g5 13. e5 Ng6 14. Re1 Nf4 15. Bf5 Re8 16. Nc4 b6 17. Qb3 Na5 18. Nxa5 bxa5 19. Be4 g4 20. Nxd4 Bxe5 21. Bxe5 Rxe5 22. Bxa8 Rxe1+ 23. Rxe1 1-0

[Event "Foxwoods op 06th"]
[Site "Connecticut"]
[Date "2004.04.10"]
[Round "7"]
[White "Rizzitano, James"]
[Black "Smith, Bryan G"]
[Result "0-1"]
[WhiteElo "2395"]
[BlackElo "2334"]
[PlyCount "80"]
[EventDate "2004.04.07"]
[EventType "swiss"]
[EventRounds "9"]
[EventCountry "USA"]
[SourceTitle "CBM 099 Extra"]
[Source "ChessBase"]
[SourceDate "2004.05.04"]
[SourceVersion "1"]
[SourceVersionDate "2004.05.04"]
[SourceQuality "1"]

1. d4 e6 2. c4 Nf6 3. Nc3 Bb4 4. e3 b6 5. Nge2 c5 6. a3 Ba5 7. Bd2 0-0 8. Rb1 Na6 9. Ng3 Bb7 10. Bd3 d5 11. cxd5 Nxd5 12. 0-0 cxd4 13. exd4 Nxc3 14. bxc3 Nc5 15. Bc2 Qd5 16. f3 Rad8 17. Rf2 Na6 18. Qf1 Qd7 19. Qd3 f5 20. Bg5 Rc8 21. c4 Nc7 22. Bf4 Ba6 23. Be5 Nd5 24. Bb3 Qe7 25. Ra1 Qh4 26. Ne2 Rfd8 27. Rc1 Qg5 28. f4 Qe7 29. Ba2 Nf6 30. Ng3 Ng4 31. Rfc2 Qh4 32. Nf1 Nxe5 33. Qe3 Nf7 34. c5 Qf6 35. Bxe6 Re8 36. d5 Rxc5 37. Rxc5 bxc5 38. Ng3 Bb6 39. Kh1 c4 40. Qd2 g6 0-1

[Event "Queen City op 13th"]
[Site "Manchester"]
[Date "1989.02.18"]
[Round "3"]
[White "Rizzitano, James"]
[Black "Curdo, John"]
[Result "1-0"]
[WhiteElo "2463"]
[BlackElo "2463"]
[PlyCount "104"]
[EventDate "1989.02.??"]
[EventType "swiss"]
[EventRounds "5"]
[EventCountry "USA"]
[SourceTitle "EXT 2005"]
[Source "ChessBase"]
[SourceDate "2004.11.15"]
[SourceVersion "1"]
[SourceVersionDate "2004.11.15"]
[SourceQuality "1"]

1. d4 f5 2. Nc3 Nf6 3. Bg5 d5 4. Bxf6 exf6 5. e3 Be6 6. Bd3 Nc6 7. Nge2 Qd7 8. Nf4 Bf7 9. 0-0 0-0-0 10. Bb5 g5 11. Nd3 a6 12. Ba4 Qe6 13. a3 h5 14. b4 h4 15. Qd2 h3 16. g3 f4 17. Bxc6 Qxc6 18. exf4 gxf4 19. Nxf4 Bh6 20. Nce2 Bg6 21. Nxg6 Bxd2 22. Ne7+ Kd7 23. Nxc6 Kxc6 24. Rfd1 Bh6 25. Kf1 Rde8 26. Ng1 Bg7 27. Rd3 Re4 28. f3 Ree8 29. Re1 Rxe1+ 30. Kxe1 Bf8 31. Kd2 Bd6 32. Ne2 Rg8 33. f4 f5 34. Re3 Kd7 35. Nc3 c6 36. Na4 b5 37. Nb2 Ra8 38. Nd3 Rf8 39. Re1 Ra8 40. Kc3 a5 41. Kb3 a4+ 42. Kc3 Rf8 43. Kd2 Rg8 44. c3 Rg7 45. Re2 Rg8 46. Ke3 Ke6 47. Kf2+ Kf7 48. Ne1 Be7 49. Re5 Bf6 50. Rxf5 Kg6 51. g4 Re8 52. Nd3 Re4 1-0

[Event "Midwest Masters op"]
[Site "Chicago"]
[Date "1989.??.??"]
[Round "2"]
[White "Rizzitano, James"]
[Black "Blankenau, Mike P"]
[Result "1-0"]
[WhiteElo "2420"]
[BlackElo "2245"]
[PlyCount "53"]
[EventDate "1989.??.??"]
[EventType "swiss"]
[EventRounds "6"]
[EventCountry "USA"]
[SourceTitle "EXT 1999"]
[Source "ChessBase"]
[SourceDate "1998.11.16"]
[SourceVersion "1"]
[SourceVersionDate "1998.11.16"]
[SourceQuality "1"]

1. c4 e5 2. Nc3 Nf6 3. Nf3 Nc6 4. g3 g6 5. Bg2 Bg7 6. 0-0 0-0 7. d3 d6 8. Rb1 a5 9. a3 Nh5 10. b4 axb4 11. axb4 h6 12. b5 Ne7 13. Qb3 f5 14. c5+ Kh7 15. Ba3 Rf6 16. b6 d5 17. bxc7 Qxc7 18. Nb5 Qb8 19. Nd6 Nc6 20. Bb2 d4 21. e3 Be6 22. Qb6 Bd5 23. exd4 exd4 24. Ng5+ hxg5 25. Bxd5 Bf8 26. Bxc6 Bxd6 27. Bxd4 1-0

[Event "US Open-90"]
[Site "Chicago"]
[Date "1989.??.??"]
[Round "7"]
[White "Rizzitano, James"]
[Black "Weiss, Mitchel J"]
[Result "1-0"]
[WhiteElo "2420"]
[BlackElo "2070"]
[PlyCount "81"]
[EventDate "1989.08.05"]
[EventType "swiss"]
[EventRounds "12"]
[EventCountry "USA"]
[SourceTitle "EXT 1997"]
[Source "ChessBase"]
[SourceDate "1996.11.15"]
[SourceVersion "1"]
[SourceVersionDate "1996.11.15"]
[SourceQuality "1"]

1. d4 e6 2. c4 f5 3. g3 Nf6 4. Bg2 d5 5. Nf3 c6 6. 0-0 Bd6 7. b3 Qe7 8. Bb2 0-0 9. Qc1 b6 10. Ba3 Bxa3 11. Qxa3 Qxa3 12. Nxa3 Nbd7 13. Rac1 Ba6 14. Rfd1 h6 15. e3 Rac8 16. Bf1 c5 17. cxd5 Bxf1 18. Kxf1 Nxd5 19. Nb5 a6 20. Nd6 Rc6 21. Nc4 Rfc8 22. Nfe5 Nxe5 23. dxe5 b5 24. Nd6 R8c7 25. Nxf5 Nb4 26. Rd8+ Kh7 27. a3 exf5 28. axb4 cxb4 29. Rxc6 Rxc6 30. Rd6 Rc5 31. Rxa6 Rxe5 32. Rd6 g5 33. Rd4 Re4 34. Rd5 f4 35. gxf4 gxf4 36. Rd4 Rxd4 37. exd4 f3 38. Ke1 Kg6 39. Kd2 Kg5 40. Ke3 Kg4 41. Ke4 1-0

[Event "World op"]
[Site "Philadelphia"]
[Date "1988.??.??"]
[Round "?"]
[White "Rizzitano, James"]
[Black "Formanek, Edward W"]
[Result "0-1"]
[WhiteElo "2435"]
[BlackElo "2320"]
[PlyCount "122"]
[EventDate "1988.06.??"]
[EventType "swiss"]
[EventRounds "11"]
[EventCountry "USA"]
[SourceTitle "EXT 1997"]
[Source "ChessBase"]
[SourceDate "1996.11.15"]
[SourceVersion "1"]
[SourceVersionDate "1996.11.15"]
[SourceQuality "1"]

1. e4 e5 2. Nf3 Nc6 3. Bb5 Qe7 4. Nc3 Nd8 5. 0-0 c6 6. Bc4 d6 7. d4 g6 8. a4 Nh6 9. h3 f6 10. Be3 Bg7 11. Re1 Nhf7 12. Bf1 Bh6 13. Bxh6 Nxh6 14. Qd2 Nhf7 15. b4 0-0 16. a5 exd4 17. Nxd4 a6 18. Na4 Ne6 19. Nb6 Rb8 20. Rad1 Nxd4 21. Qxd4 Be6 22. f4 Bc8 23. Bc4 Be6 24. Bf1 Bc8 25. c3 Rd8 26. Qf2 Kg7 27. Kh2 Be6 28. Rd2 Re8 29. g3 Rbd8 30. Bg2 Qc7 31. Qd4 Bc8 32. Ree2 Rh8 33. Bf3 Qe7 34. Kg2 h5 35. h4 Bg4 36. Bxg4 hxg4 37. Kf1 Rhe8 38. Ke1 Qc7 39. Kd1 Re7 40. Qd3 Re6 41. Re1 Qe7 42. Rde2 Ne5 43. Qc2 Nf3 44. Rh1 Re8 45. h5 Rxe4 46. h6+ Kh8 47. Qxe4 Qxe4 48. Rxe4 Rxe4 49. Nd7 f5 50. Nf8 Re8 51. Nxg6+ Kh7 52. Nh4 Nxh4 53. Rxh4 Re3 54. Kd2 Rxg3 55. Rh5 Rf3 56. Rxf5 Kxh6 57. Rf6+ Kh5 58. Rxd6 g3 59. Rd7 Rxf4 60. Ke2 g2 61. Rd1 Kh4 0-1

[Event "West Suburban Winter GP"]
[Site "Framingham"]
[Date "1987.02.01"]
[Round "3"]
[White "Rizzitano, James"]
[Black "Shaw, Alan"]
[Result "1-0"]
[WhiteElo "2559"]
[BlackElo "2259"]
[PlyCount "63"]
[EventDate "1987.01.31"]
[EventType "swiss"]
[EventRounds "4"]
[EventCountry "USA"]
[SourceTitle "EXT 2005"]
[Source "ChessBase"]
[SourceDate "2004.11.15"]
[SourceVersion "1"]
[SourceVersionDate "2004.11.15"]
[SourceQuality "1"]

1. d4 Nf6 2. c4 e6 3. Nf3 b6 4. Nc3 Bb7 5. Bg5 h6 6. Bh4 g5 7. Bg3 Nh5 8. e3 Nxg3 9. hxg3 Bg7 10. Bd3 Nc6 11. a3 Qe7 12. Qa4 a6 13. 0-0-0 0-0-0 14. g4 h5 15. gxh5 g4 16. Nd2 f5 17. f4 Qf7 18. h6 Rxh6 19. Rxh6 Bxh6 20. d5 Nb8 21. d6 Bc6 22. Qb3 Bf8 23. c5 bxc5 24. Nc4 Bxd6 25. Bf1 Qf8 26. Na4 Bd5 27. g3 Re8 28. Nc3 Bf3 29. Rd2 Nc6 30. Rxd6 cxd6 31. Qb6 Bd5 32. Nxd6+ 1-0